00885 a2200169 45000010006000000050017000060080041000230030015000640400040000790800029001192450032001480200018001802640051001983000019002495050416002681000031006845428820260407155814.0260407a1991 arg spa dAR-UNSa-BCEJYS aAR-UNSa-BCEJYSbspacAR-UNSa-BCEJYS a339.744xConvertibilidad10aConvertibilidad del austral a950-572-215-X 1aBuenos Aires :bVíctor P. de Zavalíac1991 a205 p.c23 cm. a1. La Ley de convertibilidad. Su estudio en el Congreso de la Nación – 2. Nominalismo y obligaciones de valor en la Ley de convertibilidad – 3. La Ley de convertibilidad y el nominalismo – 4. La Ley monetaria y la doctrina: el precipitado de la interpretación – 5. Efectos de la Ley de convertibilidad en las locaciones urbanas – 6. La convertibilidad desde la angulación jurídico-económica.1 aMoisset de Espanés, Luis